Media and democracy / (Record no. 82439)

MARC details
000 -LEADER
fixed length control field 00637nam a22002177a 4500
005 - DATE AND TIME OF LATEST TRANSACTION
control field 20140423101728.0
010 ## - LCCN (DPL NO)
LC control number ENG-109281
020 ## - INTERNATIONAL STANDARD BOOK NUMBER
International Standard Book Number 9789380224176
Terms of availability 1250.00
035 ## - SYSTEM CONTROL NUMBER
System control number EN-92814
037 ## - SOURCE OF ACQUISITION
Source of stock number/acquisition DBAD/PUB
082 ## - DEWEY DECIMAL CLASSIFICATION NUMBER
Classification number 302.23
100 ## - MAIN ENTRY--PERSONAL NAME
Personal name Pahad, Anjali
245 ## - TITLE STATEMENT
Title Media and democracy /
Statement of responsibility, etc by Anjali Pahad [and] Varsha Parikh
250 ## - EDITION STATEMENT
Edition statement
260 ## - PUBLICATION, DISTRIBUTION, ETC. (IMPRINT)
Place of publication, distribution, etc Jaipur
Name of publisher, distributor, etc Shruti Publications
Date of publication, distribution, etc 2012
270 ## - ADDRESS
Address 50- Ka-6, Jyoti Nagar
City Jaipur
Postal code 302005
300 ## - PHYSICAL DESCRIPTION
Extent xii,402p. :
Dimensions 22cm(Hb)
Other physical details ill.
500 ## - GENERAL NOTE
General note Includes bibliographical references
700 ## - ADDED ENTRY--PERSONAL NAME
Personal name Parikh, Varsha
942 ## - ADDED ENTRY ELEMENTS (KOHA)
Source of classification or shelving scheme Dewey Decimal Classification
Item type English Books
Call number suffix PAH
Classification part 302.23
Holdings
Withdrawn status Lost status Not for loan Collection code Home library Current library Date acquired Source of acquisition Cost, normal purchase price Full call number Barcode Copy number Cost, replacement price Koha item type
    Not For Loan Non-fiction D.B.Act.Division D.B.Act.Division 12/02/2014 DBAD/PUB 1250.00 302.23 PAH EN-92814 1 1250.00 English Books

© Delhi Public Library
Hit Counter
free hit counter